000 00773nmm a2200265 a 4500
003 AR-BaBNM
005 20251128211802.0
008 136020s2005 ||||||||||||||000 | spa||
020 _a84-8004-656-2
040 _cAR-BaBNM
245 1 0 _aAntología de textos de teorías e instituciones contemporáneas de educación
260 _aMadrid
_bEditorial Universitaria Ramón Areces
_c2005
300 0 _a340 p.
650 4 _aANTOLOGIAS
650 4 _aTEORIAS DE LA EDUCACION
653 0 _aMODERNIDAD
653 0 _aPEDAGOGOS
653 0 _aPOSMODERNIDAD
653 0 _aSISTEMA EDUCATIVO
653 0 _aPROBLEMAS EDUCATIVOS
700 1 _aNegrín Fajardo, Olegario
_ecompilador
700 1 _aVergara Ciordia, Javier
_ecompilador
942 _cBK
998 _cme-solo cat
999 _c21104
_d21104